000 00916nam a22002057a 4500
999 _c61416
_d61416
005 20240311120306.0
008 240311s2000 ru ||||| |||| 00| 0 rus d
020 _a5943750029
041 _arus
080 _a902(574) И-71
245 _aИнститут археологии :
_bИстория и современность. Сборник научных биографии /
_cРед. В. И. Гуляева; Россиская Академия наук. Институт археологии.
264 _aМосква,
_c2000.
300 _a272 с.:
_bил.;
_c20 см.
653 _aარქეოლოგია
653 _aისტორია
653 _aთანამედროვეობა
700 _aГуляев, В.И.
_eრედაქტორი
_921373
710 _aРоссиская Академия наук. Институт археологии
_921374
942 _2udc
_cBK